000 00544nam a2200181Ia 4500
005 20250508155420.0
008 008 250505s9999 xx 000 0 eng d
037 _aTextual
040 _aFEDL
_beng
_cFEDL
041 _aeng
_2eng
084 _a323.617 302, MOR
_qFEDL
100 _aMorgan Joy Elmer Ed.
_9766974
245 0 _aAmerican citizens handbook
260 _aWashington, USA
_bNational Council for the Social Studies
_c1968
300 _ax,629p
942 _cTEXL
_h323.617 302, MOR
999 _c1356638
_d1356638